000 00373nam a2200133 4500
999 _c512517
_d512517
008 191127b ||||| |||| 00| 0 eng d
100 _aYadav, Satish Kumar
_913905
245 _aTeacher's education: Challenges and reforms
260 _bKurukshetra
300 _a68(1), Nov, 2019: p.33-38.
773 _aKurukshetra
906 _aTeacher education
942 _2ddc
_cAR